[Event "Berdsk Maestro op 14th"]
[Site "Berdsk"]
[Date "2008.07.09"]
[Round "2"]
[White "Evstratenko, Vasily"]
[Black "Zatsepin, Vladimir"]
[Result "0-1"]
[WhiteElo "1744"]
[BlackElo "1974"]
[PlyCount "42"]
[EventDate "2008.07.08"]
[EventType "swiss"]
[EventRounds "9"]
[EventCountry "RUS"]
[SourceTitle "CBM 125 Extra"]
[Source "ChessBase"]
[SourceDate "2008.09.01"]
[SourceVersion "1"]
[SourceVersionDate "2008.09.01"]
[SourceQuality "1"]

1. d4 d5 2. Nf3 Nf6 3. Bf4 Bf5 4. Nbd2 e6 5. e3 Bd6 6. Bg5 Nbd7 7. Nb3 0-0 8. Bd3 Bg6 9. c3 a6 10. Qc2 e5 11. Bxg6 hxg6 12. 0-0-0 e4 13. Nfd2 a5 14. Nf1 b5 15. h4 Qe7 16. f4 a4 17. Nbd2 Ng4 18. Re1 Nf2 19. Ng3 Nd3+ 20. Kb1 Nxe1 21. Rxe1 f6 0-1